Introduction to the design and analysis of algorithms (Record no. 63851)

000 -LEADER
fixed length control field 00530nam a22001937a 4500
003 - CONTROL NUMBER IDENTIFIER
control field NUST - PNEC
005 - DATE AND TIME OF LATEST TRANSACTION
control field 20170116180825.0
008 - FIXED-LENGTH DATA ELEMENTS--GENERAL INFORMATION
fixed length control field 150702b xxu||||| |||| 00| 0 eng d
020 ## - INTERNATIONAL STANDARD BOOK NUMBER
International Standard Book Number 0070237530
040 ## - CATALOGING SOURCE
Transcribing agency LIBRARY
082 ## - DEWEY DECIMAL CLASSIFICATION NUMBER
Classification number 511.8 GOO
100 ## - MAIN ENTRY--PERSONAL NAME
9 (RLIN) 4304
Personal name Goodman, S.E.
245 ## - TITLE STATEMENT
Title Introduction to the design and analysis of algorithms
Statement of responsibility, etc. S.E. Goodman
250 ## - EDITION STATEMENT
Edition statement -
260 ## - PUBLICATION, DISTRIBUTION, ETC.
Place of publication, distribution, etc. New Delhi
Name of publisher, distributor, etc. McGraw-Hill Book Company
Date of publication, distribution, etc. c1987.
300 ## - PHYSICAL DESCRIPTION
Extent 371 p. :
650 ## - SUBJECT ADDED ENTRY--TOPICAL TERM
9 (RLIN) 4307
Topical term or geographic name entry element Computer programming
General subdivision ME
942 ## - ADDED ENTRY ELEMENTS (KOHA)
Source of classification or shelving scheme
Koha item type Book
Holdings
Withdrawn status Lost status Source of classification or shelving scheme Damaged status Not for loan Permanent Location Current Location Shelving location Date acquired Source of acquisition Cost, normal purchase price Total Checkouts Full call number Barcode Date last seen Cost, replacement price Price effective from Koha item type
          Pakistan Navy Engineering College (PNEC) Pakistan Navy Engineering College (PNEC)     Paramount Publishing Enterprise / Library / Reference Grant 147.34   511.8 GOO PNECLIB-013012 07/02/2015 147.34   Book
© 2023 Central Library, National University of Sciences and Technology. All Rights Reserved.